书目信息 |
| 题名: |
抽签与民主、共和
|
|
| 作者: | 王绍光, 著 | |
| 分册: | ||
| 出版信息: | 北京 中信出版集团 2018 |
|
| 页数: | 564页 | |
| 开本: | 22cm | |
| 丛书名: | 中国学派集成 | |
| 单 册: | ||
| 中图分类: | D59 | |
| 科图分类: | ||
| 主题词: | 政治制度史--zheng zhi zhi du shi--研究--世界 | |
| 电子资源: | ||
| ISBN: | 978-7-5086-9276-0 | |
| 000 | 01514nam 2200313 45 | |
| 001 | 012001007110 | |
| 005 | 20130301150149.0 | |
| 010 | @a978-7-5086-9276-0@b精装@dCNY82.00 | |
| 099 | @aCAL 012019024655 | |
| 100 | @a20190312d2018 em y0chiy50 ea | |
| 101 | 0 | @achi |
| 102 | @aCN@b110000 | |
| 105 | @aa z 000yy | |
| 106 | @ar | |
| 200 | 1 | @a抽签与民主、共和@AChou Qian Yu Min Zhu、Gong He@e从雅典到威尼斯@d= Sortition, democracy and republic@efrom Athens to Venice@f王绍光著@zeng |
| 210 | @a北京@c中信出版集团@d2018 | |
| 215 | @a564页@c图@d22cm | |
| 225 | 2 | @a中国学派集成@AZhong Guo Xue Pai Ji Cheng |
| 300 | @a中信改革发展研究基金会 | |
| 314 | @a王绍光, 清华大学教授, 香港中文大学荣休教授。1954年生于武汉。 | |
| 330 | @a本书以翔实的史料和严谨的分析证明, 在西方民主制度过去的2300多年里, 实现民主理念的主要方式是抽选而不是选举。全书分五章, 分别叙述了从雅典到威尼斯的民主、共和政制中, 抽签所扮演的角色, 包括运用抽签的原因, 抽签过程如何操作, 抽签对当时的政制发展起到什么作用等等, 全面探索了抽签这种遴选方式在早期民主、共和制度中的重要地位。作者通过大量史料, 复原雅典和威尼斯的政治运作, 细致展现了抽签模式在其中的具体实践。 | |
| 410 | 0 | @12001 @a中国学派集成 |
| 510 | 1 | @aSortition, democracy and republic@efrom Athens to Venice@zeng |
| 517 | 1 | @a从雅典到威尼斯@ACong Ya Dian Dao Wei Ni Si |
| 606 | 0 | @a政治制度史@Azheng zhi zhi du shi@x研究@y世界 |
| 690 | @aD59@v5 | |
| 701 | 0 | @a王绍光,@AWang Shaoguang@f1954-@4著 |
| 801 | 0 | @aCN@b上海新华@c20191020 |
| 905 | @b1132859-62@dD59@e254@f4 | |
| 抽签与民主、共和:从雅典到威尼斯= Sortition, democracy and republic:from Athens to Venice/王绍光著.-北京:中信出版集团,2018 |
| 564页:图;22cm.-(中国学派集成) |
| 中信改革发展研究基金会 |
| ISBN 978-7-5086-9276-0(精装):CNY82.00 |
| 本书以翔实的史料和严谨的分析证明, 在西方民主制度过去的2300多年里, 实现民主理念的主要方式是抽选而不是选举。全书分五章, 分别叙述了从雅典到威尼斯的民主、共和政制中, 抽签所扮演的角色, 包括运用抽签的原因, 抽签过程如何操作, 抽签对当时的政制发展起到什么作用等等, 全面探索了抽签这种遴选方式在早期民主、共和制度中的重要地位。作者通过大量史料, 复原雅典和威尼斯的政治运作, 细致展现了抽签模式在其中的具体实践。 |
| ● |
| 相关链接 |
|
|
|
|
正题名:抽签与民主、共和
索取号:D59/254
 
预约/预借
| 序号 | 登录号 | 条形码 | 馆藏地/架位号 | 状态 | 备注 |
| 1 | 1132859 | 211328598 | 第一样本阅览室/ [索取号:D59/254] | 在馆 | |
| 2 | 1132860 | 211328605 | 第一借阅区/ [索取号:D59/254] | 在馆 | |
| 3 | 1132861 | 211328614 | 第一借阅区/ [索取号:D59/254] | 在馆 | |
| 4 | 1132862 | 211328623 | 第一借阅区/ [索取号:D59/254] | 在馆 |